000 00696nas a2200217 4500
001 BR0501830
003 BR-BrBNA
005 20231205105229.0
007 ta
008 230509b bl.|||p| |||| 00| 00por d
040 _aBR-BrBNA
_bpor
_cBiblioteca Nacional de Agricultura
041 _a(En)
072 _aF70
100 1 _aCosta, F.R.C.
245 1 _aStructure and composition of the ground-herb community in a terra-firme Central Amazonian forest
650 _aFLORESTA TROPICAL
650 _aCOMPOSIÇÃO BOTÂNICA
773 0 _tActa Amazônica (Brazil)
_xISSN 0044-5967
_g(Jan-Mar 2004), v. 34(1) p. 53-59
_wBR0501830
909 _a202311
_bLúcia
_c55
_dLúcia Elande
942 _2AGRIS
_n0
_cANA
999 _c181885
_d181885